书目信息 |
| 题名: |
古代希腊人的地理学
|
|
| 作者: | 佩迪什 著 ;蔡宗夏 译 | |
| 分册: | ||
| 出版信息: | 北京 商务印书馆 1983.09 |
|
| 页数: | 204页 | |
| 开本: | 20cm | |
| 丛书名: | ||
| 单 册: | ||
| 中图分类: | K90-09 | |
| 科图分类: | ||
| 主题词: | 地理 | |
| 电子资源: | ||
| ISBN: | ||
| 000 | 00715nam0 2200229 45 | |
| 001 | 0405120996 | |
| 005 | 20040512091240.0 | |
| 010 | @dCNY0.86 | |
| 091 | @a12017.285 | |
| 100 | @a20040512d1983 km y0chiy0120 ea | |
| 101 | 0 | @achi |
| 105 | @a z 000yy | |
| 200 | 1 | @a古代希腊人的地理学@AGu Dai Xi La Ren De Di Li Xue@e古希腊地理学史@EGu Xi La Di Li Xue Shi@f(法)保罗·佩迪什著@F(Fa)Bao Luo·Pei Di Shen Zhu@g蔡宗夏译 |
| 210 | @a北京@c商务印书馆@d1983.09 | |
| 215 | @a204页@d20cm | |
| 517 | @a古希腊地理学史@AGu Xi La Di Li Xue Shi | |
| 606 | 0 | @a地理 |
| 690 | @aK90-09@v3 | |
| 701 | 0 | @a佩迪什@4著 |
| 702 | 0 | @a蔡宗夏@ACai Zong Xia@4译 |
| 801 | @aCN@bTSTCL@c20040512 | |
| 905 | @f2@b108017-018@dK90-09@e39 | |
| 古代希腊人的地理学:古希腊地理学史/(法)保罗·佩迪什著/蔡宗夏译.-北京:商务印书馆,1983.09 |
| 204页;20cm |
| ISBN :CNY0.86 |
| ● |
| 相关链接 |
|
|
|
|
正题名:古代希腊人的地理学
索取号:K90-09/39
 
预约/预借
| 序号 | 登录号 | 条形码 | 馆藏地/架位号 | 状态 | 备注 |
| 1 | 0108017 | 000078855 | 密集书库/ [索取号:K90-09/39] | 在馆 | |
| 2 | 0108018 | 000078864 | 密集书库/ [索取号:K90-09/39] | 在馆 | |
| 3 | 0108019 | 000078846 | 第二样本阅览室/ [索取号:K90-09/39] | 在馆 |